000 00271nam a2200109Ia 4500
001 587432
005 20250717113816.0
008 250717s9999 xx 000 0 und d
245 0 _aX-5 KİMYASALLAR VE MADDELER
_cKOMİSYON
260 _bMARTI YAYINLARI
_c2017
300 _b18
999 _c587432
_d587432